header

Symbiosis in fishes : (Record no. 102466)

MARC details
000 -LEADER
fixed length control field 01631nam a2200385 i 4500
ISBN 9781118759271 (e-book)
082 04 - DEWEY DECIMAL CLASSIFICATION NUMBER
Classification number 577.8/5
100 1# - MAIN ENTRY--AUTHOR NAME
Personal name Karplus, Ilan,
245 10 - TITLE STATEMENT
Title Symbiosis in fishes :
300 ## - PHYSICAL DESCRIPTION
Number of Pages 1 online resource (461 pages) :
Other physical details illustrations (some color)
650 #0 - SUBJECT ADDED ENTRY--TOPICAL TERM
Topical Term Symbiosis.
Topical Term Aquatic animals.
Topical Term Fishes.
Topical Term Invertebrates.
856 40 - ELECTRONIC LOCATION AND ACCESS
Uniform Resource Identifier http://site.ebrary.com/lib/rucke/Doc?id=10858447
264 #1 -
-- Chichester, West Sussex :
-- John Wiley & Sons, Inc.,
-- 2014.
336 ## -
-- text
-- rdacontent
337 ## -
-- computer
-- rdamedia
338 ## -
-- online resource
-- rdacarrier
588 ## -
-- Description based on print version record.

No items available.

© 2026 Rongo University
Contact us: librarian | system librarian | Rongo university